00949nam a2200277 a 450000100060000000300080000600500170001400800410003102000210007202000210009302000210011402000210013503500190015604000260017504100080020108200220020910000450023124500490027626000490032530000250037449000430039950000530044250501140049565000420060970000200065173714BD-RjUL20211209082433.0170607s1965 enka 00010 eng d a0340045043 (v.3) a0340049456 (v.4) a0340045035 (v.2) a0340045027 (v.1) a(BD-RjUL)73932 aBD-RjULbengcBD-RjUL aeng a657223bBOA 19651 aBoland, R. G. A.q(Robert George Alfred)10aAccounting step by step /cby R.G.A. Boland. aLondon :bEnglish Universities Press,cc1965 av. :bill. ;c22 cm.0 aThe E.U.P. library of programmed texts aVols 3 and 4 by R.G.A. Boland and J.A. Feathers.0 av. 1. Accounting reports -- v. 2. Debit and credit -- v. 3. Basic cost accounting -- v. 4. Budgetary control. 0aAccountingxProblems, exercises, etc.1 aFeathers, J. A.